000 02411cam a2200325 4500500
005 20251228064517.0
041 _afre
042 _adc
100 1 0 _aPauget, Bertrand
_eauthor
700 1 0 _aCabrol, Mathieu
_eauthor
700 1 0 _aLartigau, Jérôme
_eauthor
245 0 0 _aL'externalisation dans le système de santé français : éléments d'explication d'un tabou
260 _c2012.
500 _a82
520 _aL’externalisation dans le système de santé français : éléments d’explication d’un tabouA l’aide d’une étude exploratoire, nous cherchons à comprendre pourquoi l’externalisation hospitalière est peu utilisée. Nous montrons que les acteurs ne sont en majorité pas hostiles au principe d’externalisation. Toutefois, celui-ci peut causer une rupture dans la conception que les professionnels de santé se font de la sacralité entrainant des situations parfois difficiles pour les acteurs dans les organisations.
520 _aOutsourcing in the french health care system: the origin of a tabooUsing an exploratory study, we try to understand why the outsourcing is little used among french hostpitals. We show that if the actors have nothing against the ousourcing process, it can be linked to the concept of sacrality. It can break their conception of the sacrality causing some difficult situations for the health professionals.
520 _aEl outsourcing en el sistema de salud francés: elementos para explicar un tabuGracias a un estudio exploratorio, tratamos de comprender por qué la externalizacion del hospital se utiliza muy poco. Se demuestra que si los actores no son en su mayoria hostiles a la idea de externalizacion, la externalizacion puede tener lios con el sagrado. Puede causar una ruptura en la concepcion que los profesionales de la salud tienen del sagrado provocando asi situaciones dificiles para los actores en las organizaciones.
690 _aclinique
690 _aexternalisation
690 _ahôpital
690 _asacré
690 _asystème de santé
690 _ahealth care
690 _ahospital
690 _aoutsourcing
690 _aprivate hospitals
690 _asacrality
786 0 _nRecherches en Sciences de Gestion | 88 | 1 | 2012-02-01 | p. 55-71 | 2259-6372
856 4 1 _uhttps://shs.cairn.info/revue-recherches-en-sciences-de-gestion-2012-1-page-55?lang=fr&redirect-ssocas=7080
999 _c1589937
_d1589937